| 000 | 00828nam a22002537a 4500 | ||
|---|---|---|---|
| 001 | BINCO | ||
| 003 | CO-MdBIC | ||
| 005 | 20220420163259.0 | ||
| 008 | 220411b2005 spaa|||| |||| 00| 0 spa d | ||
| 020 | _a8426134165 | ||
| 040 |
_a CO-MdBIC _bspa. _cCO-MdBIC _d CO-MdBIC |
||
| 041 | _aspa | ||
| 082 |
_222 _a839.313 _bB586 |
||
| 100 | _aBie, Linne | ||
| 245 |
_aPequeño Edu tiene hambre _c/ Bie, Linne, escritora |
||
| 250 | _aPrimera edición | ||
| 260 | 1 |
_aBarcelona, España; _bJuventud, _c[2005] |
|
| 260 | 4 | _a© 2005 | |
| 300 |
_a12 paginas; _bilustraciones a color: _c16 cm. |
||
| 500 | _aEdu tiene hambre. Antes de comer, tiene que ponerse el babero. Se sienta en la trona. Edu se lo come todo. Ñam ñam. | ||
| 650 | 7 |
_9100 _aEducación infantil |
|
| 700 |
_aChristiane Reyes _etraductora |
||
| 942 | _cLGB | ||
| 999 |
_c67727 _d67727 |
||